| 000 | 00556nam a2200157 i 4500 | ||
|---|---|---|---|
| 001 | 179766 | ||
| 003 | ES-MaACL | ||
| 005 | 20230906220911.0 | ||
| 008 | 120119s1859 sp |||| | spa d | ||
| 245 | 0 | 0 | _aObservaciones sobre el proyecto de ley de Minas pendiente de la aprobación del Congreso. |
| 260 |
_aMadrid : _b[s.n.], _c1859. |
||
| 300 |
_a38 p. ; _c22 cm. |
||
| 500 | _aEn port.: (Tomado del número 210 de la Revista Minera) | ||
| 650 |
_aMinas- _xDerecho y legislación- _zEspaña. _9175982 |
||
| 852 |
_aES-MaACL _jT-1292-F-2 _z.- Donativo Bosch |
||
| 999 |
_c179766 _d179766 |
||